000 00635nam a22002657a 4500
003 UA-OsUOA
001 32974
007 ta
008 20050228b un ||||| |||| 00| 0 ukr d
100 _aСунь-Цзы
700 _aГалиарди Г.
090 _a65.01
_bС89
942 _cBK
040 _aUA-OsUOA
_brus
_cUA-OsUOA
_dUA-OsUOA
245 _aИскусство войны и искусство управления
300 _a160 с.
955 _a0
041 _arus
080 _a65.01
020 _a5-7654-2459-7
260 _aСПб.
_bНева
_c2003
044 _aRU
650 7 _2UDC
999 _c319430
_d319430